000 01077nam0a22003011 4500
001 rc\3314824
005 20260405211247.0
021 _aRU
_b[72-88327]
035 _a(NLR Aleph) 007506125
090 _a7681113
_c7681113
100 _a20130115d1972 |||y0rusy50 ca
101 0 _arus
102 _aRU
105 _aa z |||||
200 1 _aЛидия Смирнова
210 _aМосква
_cИскусство
_d1972
215 _a113 с., 16 л. ил.
_d16
225 1 _aМастера советского кино
606 _aКино в СССР
_2psbo
606 _aАктерское искусство
_2psbo
700 1 _aИванова
_bВ. С.
_cкинокритик, литератор
_f1937-2008
_gВалентина Сергеевна
_9226578
_3RU\NLR\AUTH\770226634
702 1 _4570
_8rus
_7ca
_aСмирнова
_bЛ. Н.
_cартистка
_f1915-2007
_gЛидия Николаевна
_3RU\NLR\AUTH\7794401
_977327
801 0 _aRU
_bNLR
_gpsbo
801 1 _aRU
_bELAR
_2rusmarc
852 _aNLR
_j72-2/2086
942 _cBOOK
980 _aNB